| 000 | 01414cam a2200289 i 4500 | ||
|---|---|---|---|
| 999 |
_c9064 _d9064 |
||
| 001 | 9064 | ||
| 003 | Mx-PuUPA | ||
| 005 | 20210511111217.0 | ||
| 008 | 140415s1983 mx gr 001 0 spa d | ||
| 020 | _a9686014225 | ||
| 040 |
_aMx-PuUPA _bspa _cMx-PuUPA _dMx-PuUPA _erda |
||
| 041 | 0 | _aspa | |
| 100 | 1 |
_aMendívil Escalante, V. M., _eautor |
|
| 245 | 1 | 0 |
_aGuía para la resolución de la practica elemental de auditoria / _cV. M. Mendívil Escalante |
| 246 | 1 | 4 |
_aPráctica elemental de auditoría : _bguía para su resolución |
| 250 | _aTercera edición | ||
| 264 | 1 |
_aMéxico, D.F. : _bEdiciones Contables y Administrativa, _c1983 |
|
| 300 |
_a65 páginas ; _c28 cm |
||
| 336 |
_2rdacontent _atexto _btxt |
||
| 337 |
_2rdamedia _asin medio _bn |
||
| 338 |
_2rdacarrier _avolumen _bnc |
||
| 545 | 1 | _aReimpresiones: (primera, 1984). Reimpresiones: (segunda, 1985). Reimpresiones: (tercera, 1986). Reimpresiones: (cuarta, 1987). Reimpresiones: (quinta, 1988). Reimpresiones: (sexta, 1989). Reimpresiones: (séptima, 1989). Reimpresiones: (octava, 1990). Reimpresiones: (novena, 1990). Reimpresiones: (décima, 1991). Reimpresiones: (undécima, 1991). Reimpresiones: (duodécima, 1992). Reimpresiones: (decimotercera, 1992). Reimpresiones: (decimocuarta, 1992). | |
| 650 | 4 |
_aAuditoria _xGuía |
|
| 942 |
_2ddc _cLI _h657.45 _iM534 |
||